<?xml version="1.0" encoding="UTF-8"?><?xml-stylesheet type="text/xsl" href="static/style.xsl"?><OAI-PMH xmlns="http://www.openarchives.org/OAI/2.0/" xmlns:xsi="http://www.w3.org/2001/XMLSchema-instance" xsi:schemaLocation="http://www.openarchives.org/OAI/2.0/ http://www.openarchives.org/OAI/2.0/OAI-PMH.xsd"><responseDate>2026-06-30T01:24:28Z</responseDate><request verb="GetRecord" identifier="oai:docta.ucm.es:20.500.14352/52939" metadataPrefix="marc">https://docta.ucm.es/rest/oai/request</request><GetRecord><record><header><identifier>oai:docta.ucm.es:20.500.14352/52939</identifier><datestamp>2023-08-26T14:46:26Z</datestamp><setSpec>com_20.500.14352_14</setSpec><setSpec>col_20.500.14352_15</setSpec></header><metadata><record xmlns="http://www.loc.gov/MARC21/slim" xmlns:dcterms="http://purl.org/dc/terms/" xmlns:xsi="http://www.w3.org/2001/XMLSchema-instance" xmlns:doc="http://www.lyncode.com/xoai" xsi:schemaLocation="http://www.loc.gov/MARC21/slim http://www.loc.gov/standards/marcxml/schema/MARC21slim.xsd">
   <leader>00925njm 22002777a 4500</leader>
   <datafield ind2=" " ind1=" " tag="042">
      <subfield code="a">dc</subfield>
   </datafield>
   <datafield ind2=" " ind1=" " tag="720">
      <subfield code="a">Andreu, J.M.</subfield>
      <subfield code="e">author</subfield>
   </datafield>
   <datafield ind2=" " ind1=" " tag="720">
      <subfield code="a">Pulido Bosch, A.</subfield>
      <subfield code="e">author</subfield>
   </datafield>
   <datafield ind2=" " ind1=" " tag="720">
      <subfield code="a">Llamas, M.R.</subfield>
      <subfield code="e">author</subfield>
   </datafield>
   <datafield ind2=" " ind1=" " tag="720">
      <subfield code="a">Bru, C.</subfield>
      <subfield code="e">author</subfield>
   </datafield>
   <datafield ind2=" " ind1=" " tag="720">
      <subfield code="a">Martínez Santos, Pedro</subfield>
      <subfield code="e">author</subfield>
   </datafield>
   <datafield ind2=" " ind1=" " tag="720">
      <subfield code="a">García Sánchez, E.</subfield>
      <subfield code="e">author</subfield>
   </datafield>
   <datafield ind2=" " ind1=" " tag="720">
      <subfield code="a">Villacampa, L.</subfield>
      <subfield code="e">author</subfield>
   </datafield>
   <datafield ind2=" " ind1=" " tag="260">
      <subfield code="c">2008</subfield>
   </datafield>
   <datafield ind2=" " ind1=" " tag="520">
      <subfield code="a">The Crevillente aquifer is a karstic aquifer, situated in Alicante province in the SE of Spain. The aquifer basically comprises a series of Jurassic limestones and dolomites, belonging to the Betic Cordillera. Intense exploitation of the aquifer started in the early 1960s. Exploitation was initially concentrated in two sectors of the Sierra de Crevillente and, years later, extended to a third sector. As a consequence of abstractions that were much greater than recharge into the system, a continual drop in the water level persisted for several decades. These abstractions have occasionally caused local dewatering over depths of more than 300 m. From a hydrogeological point of view, the aquifer dewatering in one of the sectors was accompanied by increased mineralization and a fall in quality of the groundwater, and several boreholes had to be abandoned. In recent years, the degree to which the aquifer is overexploited has fallen considerably, and it appears to have entered a new hydrodynamic stage. New hydrogeochemical characterisations have been carried out, which indicate that the aquifer water is relatively strongly mineralised due, fundamentally, to the dissolution of evaporite rocks. On the other hand, deterioration in water quality as a consequence of the degree of overabstraction can also be confirmed</subfield>
   </datafield>
   <datafield ind1="8" ind2=" " tag="024">
      <subfield code="a">1743-3541</subfield>
   </datafield>
   <datafield ind1="8" ind2=" " tag="024">
      <subfield code="a">10.2495/WP080081</subfield>
   </datafield>
   <datafield ind1="8" ind2=" " tag="024">
      <subfield code="a">https://hdl.handle.net/20.500.14352/52939</subfield>
   </datafield>
   <datafield ind1="8" ind2=" " tag="024">
      <subfield code="a">http://dx.doi.org/10.2495/WP080081</subfield>
   </datafield>
   <datafield ind2="0" ind1="0" tag="245">
      <subfield code="a">Overexploitation and water quality in the Crevillente aquifer (Alicante, SE Spain)</subfield>
   </datafield>
</record></metadata></record></GetRecord></OAI-PMH>